تفاصيل مارك
| 000 -الفاتح |
| حقل البيانات ثابتة الطول |
02480cam a2200481 a 4500 |
| 001 - رقم الضبط |
| رقم الضبط |
556370655 |
| 003 - محدد رقم الضبط |
| رقم الضبط |
OCoLC |
| 005 - وقت وتاريخ اخر تعامل مع التسجيلة |
| رقم الضبط |
20150408114106.0 |
| 006 - عناصر البيانات ثابتة الطول - خصائص المادة الاضافية-معلومات عامة |
| حقل البيانات ثابتة الطول |
m d |
| 007 - الحقل الثابت للوصف المادى- معلومات عامة |
| حقل البيانات ثابتة الطول |
cr |n||||||||| |
| 008 - عناصر البيانات ثابتة الطول - معلومات عامة |
| حقل البيانات ثابتة الطول |
100204s2010 gw a ob 101 0 eng c |
| 020 ## - الرقم الدولى المعيارى للكتب |
| الرقم الدولى المعيارى للكتاب |
9783642118043 (softcover : alk. paper) |
| 020 ## - الرقم الدولى المعيارى للكتب |
| الرقم الدولى المعيارى للكتاب |
3642118046 (softcover : alk. paper) |
| 020 ## - الرقم الدولى المعيارى للكتب |
| الرقم الدولى المعيارى للكتاب |
9783642118050 |
| 020 ## - الرقم الدولى المعيارى للكتب |
| الرقم الدولى المعيارى للكتاب |
3642118054 |
| 035 ## - رقم ضبط النظام |
| رقم ضبط النظام |
(OCoLC)556370655 |
| رقم الضبط الملغى والمتاح |
(OCoLC)630115726 |
| 037 ## - مصدر التزويد |
| رقم المخزون |
978-3-642-11804-3 |
| مصدر رقم المخزون/ التزويد |
Springer |
| ملاحظة |
http://www.springerlink.com |
| 040 ## - مصدر الفهرسة |
| وكالة الفهرسة الأصلية |
COO |
| لغة الفهرسة |
eng |
| وكالة النسخ |
COO |
| وكالة التعديل |
CUS |
| -- |
GW5XE |
| -- |
OCLCQ |
| 042 ## - رمز التحقق |
| رمز التحقق |
pcc |
| 050 #4 - رقم طلب مكتبة الكونجرس |
| رقم التصنيف |
T385 |
| رقم المادة |
.S884 2010 |
| 082 04 - رقم تصنيف ديوى العشرى |
| رقم التصنيف |
006.6 |
| رقم الطبعة |
22 |
| رقم المادة |
SYG |
| 111 2# - المدخل الرئيسى - اسم مؤتمر |
| اسم المؤتمر أو اسم السلطة كمدخل |
Symposium on Graph Drawing |
| رقم جزء/قسم/الاجتماع |
(17th : |
| تاريخ الاجتماع |
2009 : |
| موقع المؤتمر |
Chicago, Ill.) |
| 9 (RLIN) |
18877 |
| 245 10 - بيان العنوان |
| العنوان |
Graph drawing |
| الوسيط |
[electronic resource] : |
| بقية العنوان |
17th international symposium, GD 2009, Chicago, IL, USA, September 22-25, 2009 : revised papers / |
| بيان المسئوليه,etc |
David Eppstein, Emden R. Gansner (eds.) |
| 260 ## - PUBLICATION, DISTRIBUTION, ETC. (IMPRINT) |
| مكان الناشر او الموزع |
Berlin ; |
| -- |
New York : |
| اسم الناشر او الموزع |
Springer, |
| تاريخ النشر أو التوزيع |
c2010. |
| 300 ## - الوصف المادى |
| التعداد |
1 online resource (xii, 436 p.) : |
| تفاصيل ماديه اخرى للوعاء |
ill. |
| 490 1# - بيان السلسلة |
| عنوان السلسلة |
Lecture notes in computer science, |
| الرقم الدولى المعيارى للدوريات |
0302-9743 ; |
| رقم المجلد/ التعيين التسلسلي |
5849. |
| 490 1# - بيان السلسلة |
| عنوان السلسلة |
LNCS sublibrary. SL 1, Theoretical computer science and general issues. |
| 504 ## - تبصرة ببليوجرافية |
| تبصرة ببليوجرافية,الخ |
Includes bibliographical references and index. |
| 650 #0 - المدخل الاضافى بالموضوع-مصطلح موضوعى |
| مصطلح موضوعي أو اسم جغرافي كعنصر مدخل |
Computer graphics |
| التقسيم الفرعي الشكلي |
Congresses. |
| 9 (RLIN) |
18878 |
| 650 #0 - المدخل الاضافى بالموضوع-مصطلح موضوعى |
| مصطلح موضوعي أو اسم جغرافي كعنصر مدخل |
Graph theory |
| التقسيم الفرعي الشكلي |
Congresses. |
| 9 (RLIN) |
18879 |
| 655 #4 - مصطلح تكشيفى-نوع/شكل |
| بيانات النوع/ الشكل أو المصطلح الأساسي |
Electronic books. |
| 9 (RLIN) |
4135 |
| 700 1# - المدخل الاضافى - اسم شخصى |
| الإسم الشخصى |
Eppstein, David. |
| 9 (RLIN) |
18880 |
| 700 1# - المدخل الاضافى - اسم شخصى |
| الإسم الشخصى |
Gansner, Emden R., |
| التواريخ المصاحبة للاسم |
1950- |
| 9 (RLIN) |
18881 |
| 773 0# - مدخل المادة المضيفة |
| العنوان |
SpringerLink |
| رقم ضبط التسجيلة |
(OCoLC)43927870. |
| 776 08 - مدخل الشكل المادى الاضافى |
| نص العرض |
Print version: |
| العنوان |
Graph Drawing. |
| الناشر و مكان و تاريخ النشر |
Springer-Verlag New York Inc 2010 |
| الرقم الدولى المعيارى للكتاب |
9783642118043 |
| رقم ضبط التسجيلة |
(DLC) 2010921981 |
| -- |
(OCoLC)502033373. |
| 830 #0 - المدخل الاضافى بالسلسلة -عنوان موحد |
| عنوان موحد |
Lecture notes in computer science ; |
| رقم المجلد/ التعيين التسلسلي |
5849. |
| 9 (RLIN) |
18882 |
| 830 #0 - المدخل الاضافى بالسلسلة -عنوان موحد |
| عنوان موحد |
LNCS sublibrary. |
| رقم الجزء/قسم العمل |
SL 1, |
| اسم جزء/قسم العمل |
Theoretical computer science and general issues. |
| 9 (RLIN) |
18545 |
| 856 40 - الوصول و الموقع الالكترونى |
| مواد محددة |
SpringerLink |
| تبصرة عامة |
Connect to electronic resource |
| معرف المصدر الموحد |
<a href="http://www.springerlink.com/openurl.asp?genre=book&isbn=978-3-642-11804-3">http://www.springerlink.com/openurl.asp?genre=book&isbn=978-3-642-11804-3</a> |
| 856 40 - الوصول و الموقع الالكترونى |
| مواد محددة |
SpringerLink |
| تبصرة عامة |
Connect to electronic resource |
| معرف المصدر الموحد |
<a href="http://dx.doi.org/10.1007/978-3-642-11805-0">http://dx.doi.org/10.1007/978-3-642-11805-0</a> |
| 856 40 - الوصول و الموقع الالكترونى |
| مواد محددة |
SpringerLink |
| تبصرة عامة |
Connect to electronic resource (off-campus access) |
| معرف المصدر الموحد |
<a href="http://proxy.ohiolink.edu:9099/login?url=http://www.springerlink.com/openurl.asp?genre=book&isbn=978-3-642-11804-3">http://proxy.ohiolink.edu:9099/login?url=http://www.springerlink.com/openurl.asp?genre=book&isbn=978-3-642-11804-3</a> |
| 856 40 - الوصول و الموقع الالكترونى |
| مواد محددة |
SpringerLink |
| تبصرة عامة |
Connect to electronic resource (off-campus access) |
| معرف المصدر الموحد |
<a href="http://proxy.ohiolink.edu:9099/login?url=http://dx.doi.org/10.1007/978-3-642-11805-0">http://proxy.ohiolink.edu:9099/login?url=http://dx.doi.org/10.1007/978-3-642-11805-0</a> |
| 942 ## - عناصر المدخل الإضافي( كوها) |
| مصدر التصنيف او مخطط الترفيف |
Dewey Decimal Classification |
| Koha [default] item type |
DVD |